Poetica descripcion de la pompa plausible que admiro esta ciudad de Mexico, en la sumptuosa dedicacion de su hermoso, magnifico, y ya acabado templo, celebrada jueves 22 de diciembre de 1667 años. Conseguida en el feliz, y tranquilo govierno del exmo. señor Don Antonio Sebastian de Toledo , Molina, y Salazar Marques de Mancera, Virrey y Capitan General de esta Nueva España, y Presidente de la Real Audiencia, y Chancilleria que en ella recide, &c. escrita por el Br. D. Diego de Ribera presbytero, que obsequiosamente la dedica al capitan Ioseph de Retes Largacha

Detalles Bibliográficos
Autor principal: Ribera, Diego de
Formato: Libro
Lenguaje:Undetermined
Spanish
Publicado: en Mexico : por Francisco Rodriguez Lupercio, 1668.
Materias:
Colección:Banco de datos
Acervo:Biblioteca Palafoxiana. Colección bibliográfica
Descripción Física:[19] p. ; 4°
Tema general:Literatura mexicana
Notas:Marca de fuego: Colegio de San Juan. Daños de hongos. Número de localización: 32420-Ñ
LEADER 01153nam a2200181Ia 4500
008 150723s9999 xx 000 0 und d
041 0 |a spa 
050 0 |a PAFX BR143 B7 
100 1 |a Ribera, Diego de 
245 1 0 |a Poetica descripcion de la pompa plausible que admiro esta ciudad de Mexico, en la sumptuosa dedicacion de su hermoso, magnifico, y ya acabado templo, celebrada jueves 22 de diciembre de 1667 años. Conseguida en el feliz, y tranquilo govierno del exmo. señor Don Antonio Sebastian de Toledo , Molina, y Salazar Marques de Mancera, Virrey y Capitan General de esta Nueva España, y Presidente de la Real Audiencia, y Chancilleria que en ella recide, &c. escrita por el Br. D. Diego de Ribera presbytero, que obsequiosamente la dedica al capitan Ioseph de Retes Largacha 
260 |a en Mexico : por Francisco Rodriguez Lupercio, 1668. 
300 |a [19] p. ; 4° 
500 |a Marca de fuego: Colegio de San Juan. Daños de hongos. Número de localización: 32420-Ñ 
501 |a Encuadernado con 17 obras 
650 1 0 |a Literatura mexicana 
942 |c PALALIB 
943 |g Biblioteca Palafoxiana. Colección bibliográfica 
999 |c 1065609  |d 1065609